Score 0/25 Timer 10:00
3 Plays Today
Placement Villain % Correct
Red Skull
89.1%
Magneto
86.8%
Dr. Doom
85.6%
Loki
83.5%
Green Goblin
81.4%
The Kingpin
79.7%
Thanos
76.7%
Galactus
72%
Bullseye
68.5%
Abomination
59.9%
MODOK
58.5%
Shocker
57%
Ultron
48.3%
Placement Villain % Correct
Mandarin
46.8%
Amora the Enchantress
45.9%
Baron Zemo
44.3%
Mr. Sinister
42.6%
Kang the Conqueror
39.5%
Jack O' Lantern
37.2%
The Leader
36.6%
Absorbing Man
30.5%
The Spot
25.7%
Surtur
23.1%
Annihilus
21.8%
Graviton
14%

You're not logged in!

Compare scores with friends on all Sporcle quizzes.
OR
Log In

Sporcle TV

Today on Sporcle TV


Watch our educational content, quiz creation guides, and fun videos on Sporcle TV.

Show Comments

Extras

Top Quizzes Today


Score Distribution

Paid Content

Your Account Isn't Verified!

In order to create a playlist on Sporcle, you need to verify the email address you used during registration. Go to your Sporcle Settings to finish the process.

Report this User

Report this user for behavior that violates our Community Guidelines.

Details: